[Event "Pardubice Czech op-B 30th"]
[Site "Pardubice"]
[Date "2019.07.27"]
[Round "9"]
[White "Lojek, Marek"]
[Black "Aliferenko, Aleksei"]
[Result "0-1"]
[WhiteElo "2197"]
[BlackElo "2242"]
[PlyCount "110"]
[EventDate "2019.07.19"]
[EventType "swiss"]
[EventRounds "9"]
[EventCountry "CZE"]
[SourceTitle "EXT 2020"]
[Source "ChessBase"]
[SourceDate "2019.10.17"]
[SourceVersion "1"]
[SourceVersionDate "2019.10.17"]
[SourceQuality "1"]

1. e4 e6 2. d4 d5 3. Nc3 Bb4 4. exd5 exd5 5. Bd3 Nc6 6. Nge2 Bg4 7. f3 Bh5 8. 0-0 Bg6 9. Nf4 Nge7 10. Nce2 Bd6 11. Ng3 Bxf4 12. Bxf4 Qd7 13. c3 Bxd3 14. Qxd3 h5 15. b4 h4 16. Ne2 Ng6 17. Bd2 Nce7 18. Nc1 b6 19. Re1 0-0 20. Nb3 Nf5 21. Re2 Rfe8 22. Rae1 Rxe2 23. Rxe2 Nd6 24. Kf2 Qa4 25. Bg5 Qc6 26. Nd2 a5 27. Nf1 axb4 28. cxb4 Qc4 29. Qxc4 dxc4 30. Bc1 f6 31. g3 Kf7 32. Ne3 Ne7 33. Rc2 hxg3+ 34. hxg3 b5 35. a3 Ndc8 36. Nd1 Nd5 37. Kg1 Ncb6 38. Nf2 Rd8 39. Ne4 Na4 40. g4 Ndb6 41. Bf4 Nd5 42. Bc1 Nab6 43. Kf2 Rh8 44. Kg2 Ra8 45. Kg3 Rh8 46. Kg2 Ke7 47. Re2 Kf7 48. Nc5 Nc3 49. Re6 Na2 50. Bf4 Nd5 51. Bg3 c3 52. Rc6 Ra8 53. Nd3 Rxa3 54. Bxc7 c2 55. Nf4 Ne3+ 0-1

[Event "Pardubice Czech op-B 30th"]
[Site "Pardubice"]
[Date "2019.07.26"]
[Round "8"]
[White "Aliferenko, Aleksei"]
[Black "Husarik, Branko"]
[Result "1-0"]
[WhiteElo "2242"]
[BlackElo "2125"]
[PlyCount "65"]
[EventDate "2019.07.19"]
[EventType "swiss"]
[EventRounds "9"]
[EventCountry "CZE"]
[SourceTitle "EXT 2020"]
[Source "ChessBase"]
[SourceDate "2019.10.17"]
[SourceVersion "1"]
[SourceVersionDate "2019.10.17"]
[SourceQuality "1"]

1. d4 Nf6 2. Nf3 c5 3. e3 g6 4. b3 cxd4 5. Nxd4 Bg7 6. Bb2 0-0 7. Be2 Re8 8. c4 d6 9. 0-0 Nbd7 10. Nc3 a6 11. Rc1 Nc5 12. Bf3 h5 13. b4 Ncd7 14. a3 e5 15. Nb3 e4 16. Be2 Ne5 17. c5 d5 18. Na4 Bg4 19. Bxe5 Rxe5 20. Nd4 Rg5 21. Kh1 Qc7 22. c6 b5 23. Nc3 Bf8 24. a4 bxa4 25. Qxa4 Qe5 26. Bxg4 hxg4 27. Nce2 Bd6 28. g3 Rh5 29. Nf4 Kg7 30. Nxh5+ Qxh5 31. Rg1 Rh8 32. Rg2 Nh7 33. c7 1-0

[Event "Pardubice Czech op-B 30th"]
[Site "Pardubice"]
[Date "2019.07.24"]
[Round "6"]
[White "Aliferenko, Aleksei"]
[Black "Shinn, Jungmin"]
[Result "1-0"]
[WhiteElo "2242"]
[BlackElo "1788"]
[PlyCount "31"]
[EventDate "2019.07.19"]
[EventType "swiss"]
[EventRounds "9"]
[EventCountry "CZE"]
[SourceTitle "EXT 2020"]
[Source "ChessBase"]
[SourceDate "2019.10.17"]
[SourceVersion "1"]
[SourceVersionDate "2019.10.17"]
[SourceQuality "1"]

1. d4 d5 2. Nf3 e6 3. Bf4 Nf6 4. e3 Bd6 5. Bg3 0-0 6. Nbd2 c5 7. c3 Nc6 8. Bb5 Qe7 9. Bxc6 bxc6 10. Qa4 Bxg3 11. hxg3 cxd4 12. cxd4 Qb7 13. Qc2 a5 14. 0-0-0 Qb6 15. Ne5 Ba6 16. Nd7 1-0

[Event "Pardubice Czech op-B 30th"]
[Site "Pardubice"]
[Date "2019.07.23"]
[Round "5"]
[White "Hoppe, Andreas"]
[Black "Aliferenko, Aleksei"]
[Result "1/2-1/2"]
[WhiteElo "2036"]
[BlackElo "2242"]
[PlyCount "149"]
[EventDate "2019.07.19"]
[EventType "swiss"]
[EventRounds "9"]
[EventCountry "CZE"]
[SourceTitle "EXT 2020"]
[Source "ChessBase"]
[SourceDate "2019.10.17"]
[SourceVersion "1"]
[SourceVersionDate "2019.10.17"]
[SourceQuality "1"]

1. d4 Nf6 2. Nf3 g6 3. g3 Bg7 4. Bg2 0-0 5. 0-0 d6 6. c4 Nc6 7. Nc3 Bf5 8. d5 Na5 9. Nh4 Bd7 10. Qd3 c5 11. e4 a6 12. Bd2 b5 13. b3 Rb8 14. Rab1 Ng4 15. Nf3 Qc7 16. h3 Ne5 17. Nxe5 Bxe5 18. Ne2 Rb7 19. Bg5 Rfb8 20. cxb5 Bxb5 21. Qc2 Bxe2 22. Qxe2 c4 23. Rfc1 c3 24. Bf1 Rb4 25. Qc2 Qb7 26. Rd1 Rc8 27. Be3 e6 28. f4 Bf6 29. Bg2 exd5 30. exd5 Re8 31. Bf2 Qc8 32. Re1 Rxe1+ 33. Bxe1 Rb7 34. Rc1 Rc7 35. Qd3 h5 36. Rc2 Qe8 37. Bf2 Nb7 38. Qxa6 Nc5 39. Qxd6 Ne4 40. Qxc7 Nxf2 41. Qc4 Qe3 42. Qe2 Qb6 43. Kh2 Bd4 44. Qe8+ Kg7 45. Qc6 Qd8 46. d6 h4 47. d7 hxg3+ 48. Kxg3 Qe7 49. Rxf2 Qe1 50. Qf3 Bb6 51. Qe2 Bxf2+ 52. Qxf2 Qd1 53. Be4 Qxd7 54. Bc2 Qc7 55. Qe3 Kg8 56. Qe8+ Kh7 57. a4 Qa7 58. Kg2 f5 59. Bxf5 gxf5 60. Qh5+ Kg8 61. Qe8+ Kh7 62. Qh5+ Kg8 63. Qxf5 Qb7+ 64. Kf2 Qxb3 65. Ke2 Qb2+ 66. Ke3 Qd2+ 67. Kf3 Qd1+ 68. Ke3 c2 69. Qg6+ Kf8 70. Qf6+ Ke8 71. Qe6+ Kd8 72. Qb6+ Kd7 73. Qb5+ Kd8 74. Qg5+ Kc7 75. Qc5+ 1/2-1/2

[Event "Pardubice Czech op-B 30th"]
[Site "Pardubice"]
[Date "2019.07.20"]
[Round "2"]
[White "Sokolski, Aleksander"]
[Black "Aliferenko, Aleksei"]
[Result "1-0"]
[WhiteElo "1955"]
[BlackElo "2242"]
[PlyCount "61"]
[EventDate "2019.07.19"]
[EventType "swiss"]
[EventRounds "9"]
[EventCountry "CZE"]
[SourceTitle "EXT 2020"]
[Source "ChessBase"]
[SourceDate "2019.10.17"]
[SourceVersion "1"]
[SourceVersionDate "2019.10.17"]
[SourceQuality "1"]

1. d4 Nf6 2. c4 d6 3. Nc3 Bf5 4. g3 e5 5. dxe5 dxe5 6. Qxd8+ Kxd8 7. Bg5 Bb4 8. 0-0-0+ Nbd7 9. Nd5 Be7 10. Bxf6 gxf6 11. Nxe7 Kxe7 12. Bg2 Nc5 13. Nf3 Be4 14. Nh4 Bg6 15. Rd2 Rhd8 16. Rhd1 Rxd2 17. Rxd2 a5 18. Rd5 Ne6 19. Rb5 Nd8 20. Nxg6+ fxg6 21. Bxb7 Rb8 22. Bd5 Rxb5 23. cxb5 Kd6 24. e4 Kc5 25. a4 Kb4 26. b3 Kc3 27. f3 f5 28. g4 f4 29. g5 Nb7 30. Bxb7 Kxb3 31. Bd5+ 1-0

[Event "Pardubice Czech op-B 29th"]
[Site "Pardubice"]
[Date "2018.07.27"]
[Round "8"]
[White "Pekar, Vaclav"]
[Black "Aliferenko, Aleksei"]
[Result "1/2-1/2"]
[WhiteElo "2162"]
[BlackElo "2211"]
[PlyCount "109"]
[EventDate "2018.07.20"]
[EventType "swiss"]
[EventRounds "9"]
[EventCountry "CZE"]
[SourceTitle "CBM 186 Extra"]
[Source "ChessBase"]
[SourceDate "2018.08.24"]
[SourceVersion "1"]
[SourceVersionDate "2018.08.24"]
[SourceQuality "1"]

1. d4 Nf6 2. Bf4 g6 3. e3 Bg7 4. Nf3 0-0 5. h3 d6 6. Be2 Nc6 7. 0-0 e5 8. dxe5 Ne4 9. Nbd2 dxe5 10. Bh2 Nxd2 11. Nxd2 Qe7 12. c3 Rd8 13. Qc2 Bf5 14. e4 Bxh3 15. Rfd1 Qg5 16. Bg3 Be6 17. Nf3 Qe7 18. Bb5 Bg4 19. Bxc6 bxc6 20. Bh4 Bf6 21. Bxf6 Qxf6 22. Rxd8+ Rxd8 23. Rd1 Bxf3 24. gxf3 Qg5+ 25. Kh2 Re8 26. Qd2 Qf6 27. Kg2 Kg7 28. Qe3 a6 29. b3 Re6 30. Rd7 Rd6 31. Rxd6 Qxd6 32. b4 Qe6 33. Qa7 Qc4 34. a4 Qxc3 35. Qxa6 Qxb4 36. Qxc6 Qa5 37. Qd5 Qxa4 38. Qxe5+ Kg8 39. Qxc7 Qd4 40. Qe7 Kg7 41. f4 Qf6 42. Qxf6+ Kxf6 43. Kg3 Ke6 44. Kg4 f6 45. Kh4 Ke7 46. Kg4 Kd6 47. Kh4 Kd7 48. Kg4 Ke6 49. Kh4 f5 50. f3 h6 51. Kg3 Kf6 52. Kh3 Ke6 53. Kh4 Kf6 54. Kh3 Ke6 55. Kh4 1/2-1/2

[Event "Pardubice Czech op-B 29th"]
[Site "Pardubice"]
[Date "2018.07.26"]
[Round "7"]
[White "Aliferenko, Aleksei"]
[Black "Mirzoeva, Elmira"]
[Result "1/2-1/2"]
[WhiteElo "2211"]
[BlackElo "2249"]
[PlyCount "33"]
[EventDate "2018.07.20"]
[EventType "swiss"]
[EventRounds "9"]
[EventCountry "CZE"]
[SourceTitle "CBM 186 Extra"]
[Source "ChessBase"]
[SourceDate "2018.08.24"]
[SourceVersion "1"]
[SourceVersionDate "2018.08.24"]
[SourceQuality "1"]

1. d4 d6 2. Nf3 g6 3. b3 Bg7 4. Bb2 Nf6 5. e3 0-0 6. Be2 Nbd7 7. c4 e5 8. dxe5 Ng4 9. 0-0 Ngxe5 10. Nxe5 dxe5 11. Nc3 Nf6 12. Ba3 Re8 13. Nb5 Bd7 14. Rc1 a6 15. Nc3 Bf5 16. Qxd8 Raxd8 17. Rfd1 1/2-1/2

[Event "Pardubice Czech op-B 29th"]
[Site "Pardubice"]
[Date "2018.07.22"]
[Round "3"]
[White "Aliferenko, Aleksei"]
[Black "Itgelt, Khuyagtsogt"]
[Result "1-0"]
[WhiteElo "2211"]
[BlackElo "2018"]
[PlyCount "93"]
[EventDate "2018.07.20"]
[EventType "swiss"]
[EventRounds "9"]
[EventCountry "CZE"]
[SourceTitle "CBM 186 Extra"]
[Source "ChessBase"]
[SourceDate "2018.08.24"]
[SourceVersion "1"]
[SourceVersionDate "2018.08.24"]
[SourceQuality "1"]

1. d4 Nf6 2. c4 e6 3. Nc3 Bb4 4. g3 d5 5. Bg2 0-0 6. Nf3 dxc4 7. Ne5 c5 8. a3 Bxc3+ 9. bxc3 cxd4 10. Qxd4 Qxd4 11. cxd4 Nc6 12. Bxc6 bxc6 13. Bg5 Ba6 14. Bxf6 gxf6 15. Nd7 Rfd8 16. Nc5 Bc8 17. 0-0-0 Rb8 18. Kc2 Rb5 19. a4 Rb6 20. Kc3 Kf8 21. e4 Ke7 22. f4 Bd7 23. Kxc4 Rdb8 24. Rd2 h5 25. e5 f5 26. Rg1 a5 27. Kc3 Bc8 28. Rgg2 Rb1 29. Rb2 Rc1+ 30. Rgc2 Rxb2 31. Kxb2 Rh1 32. Nb3 Ba6 33. Nxa5 Bd3 34. Rd2 Be4 35. Nb3 Kd8 36. Nc5 Bd5 37. a5 Kc7 38. Rc2 Rd1 39. Kc3 Rb1 40. Rb2 Rxb2 41. Kxb2 Bc4 42. Kc3 Bf1 43. Kb4 Bb5 44. Nb3 Kb7 45. Nd2 Be2 46. Nc4 Kc7 47. Nd6 1-0

[Event "Kremennaya Barbashova Memorial"]
[Site "Kremennaya"]
[Date "2017.06.26"]
[Round "7"]
[White "Diakov, Oleg"]
[Black "Aliferenko, Aleksei"]
[Result "0-1"]
[WhiteElo "2109"]
[BlackElo "2217"]
[PlyCount "72"]
[EventDate "2017.06.23"]
[EventType "tourn"]
[EventRounds "11"]
[EventCountry "UKR"]
[EventCategory "1"]
[SourceTitle "EXT 2018"]
[Source "ChessBase"]
[SourceDate "2017.10.13"]
[SourceVersion "1"]
[SourceVersionDate "2017.10.13"]
[SourceQuality "1"]

1. d4 d5 2. c4 c6 3. Nc3 Nf6 4. Nf3 e6 5. Bg5 h6 6. Bh4 g5 7. Bg3 dxc4 8. e4 b5 9. Be2 Bb7 10. 0-0 Nbd7 11. Ne5 Bg7 12. Nxd7 Nxd7 13. Bd6 a6 14. Re1 Bf8 15. Bxf8 Kxf8 16. a4 Kg7 17. Qc2 e5 18. Rad1 Qe7 19. d5 Rhd8 20. b3 b4 21. dxc6 Bxc6 22. Nd5 Bxd5 23. exd5 c3 24. d6 Qf6 25. Bg4 a5 26. Re3 e4 27. Qxe4 Qf4 28. Qxf4 gxf4 29. Re7 Nc5 30. Rc7 Nxb3 31. Rd5 Ra6 32. d7 Kf6 33. Rf5+ Ke7 34. Rxf4 Nd2 35. Bf5 Re6 36. Bxe6 fxe6 0-1

[Event "Kremennaya Barbashova Memorial"]
[Site "Kremennaya"]
[Date "2017.06.25"]
[Round "5"]
[White "Bakhmatsky, Vladislav"]
[Black "Aliferenko, Aleksei"]
[Result "1/2-1/2"]
[WhiteElo "2434"]
[BlackElo "2217"]
[PlyCount "75"]
[EventDate "2017.06.23"]
[EventType "tourn"]
[EventRounds "11"]
[EventCountry "UKR"]
[EventCategory "1"]
[SourceTitle "EXT 2018"]
[Source "ChessBase"]
[SourceDate "2017.10.13"]
[SourceVersion "1"]
[SourceVersionDate "2017.10.13"]
[SourceQuality "1"]

1. d4 Nf6 2. c4 g6 3. Nc3 d5 4. Bf4 Bg7 5. e3 c5 6. dxc5 Qa5 7. Rc1 dxc4 8. Bxc4 0-0 9. Nf3 Qxc5 10. b3 Nc6 11. 0-0 Bg4 12. Nd5 Qa3 13. h3 Bxf3 14. Qxf3 Rad8 15. Nxf6+ Bxf6 16. Bh6 Rfe8 17. Qe2 Rd6 18. Bb5 Red8 19. Bxc6 bxc6 20. Rc2 Qa5 21. Rfc1 Bg7 22. Bf4 Rd2 23. Rxd2 Rxd2 24. Qf3 Bf6 25. Qxc6 Kg7 26. e4 Re2 27. Qc5 Qxc5 28. Rxc5 Re1+ 29. Kh2 Rxe4 30. Be3 Bd4 31. Bxd4+ Rxd4 32. Ra5 Rd7 33. g4 h6 34. h4 Kf6 35. Kg3 Rc7 36. Kf4 g5+ 37. hxg5+ hxg5+ 38. Rxg5 1/2-1/2

[Event "Kremennaya Barbashova Memorial"]
[Site "Kremennaya"]
[Date "2017.06.23"]
[Round "1"]
[White "Krupko, Alexey"]
[Black "Aliferenko, Aleksei"]
[Result "1/2-1/2"]
[WhiteElo "2261"]
[BlackElo "2217"]
[PlyCount "47"]
[EventDate "2017.06.23"]
[EventType "tourn"]
[EventRounds "11"]
[EventCountry "UKR"]
[EventCategory "1"]
[SourceTitle "EXT 2018"]
[Source "ChessBase"]
[SourceDate "2017.10.13"]
[SourceVersion "1"]
[SourceVersionDate "2017.10.13"]
[SourceQuality "1"]

1. d4 d5 2. Nf3 Nf6 3. c4 dxc4 4. e3 e6 5. Bxc4 c5 6. 0-0 a6 7. Bb3 Nc6 8. Nc3 cxd4 9. exd4 Be7 10. Re1 0-0 11. Bf4 Na5 12. d5 Nxb3 13. Qxb3 exd5 14. Rad1 Be6 15. Qxb7 Bd6 16. Bg5 Rb8 17. Qxa6 Rxb2 18. Bxf6 Qxf6 19. Qxd6 Qxc3 20. Nd4 Rxa2 21. Nxe6 fxe6 22. Qxe6+ Kh8 23. Rf1 Qc5 24. Qxd5 1/2-1/2

[Event "Yuzhny op"]
[Site "Yuzhny"]
[Date "2011.09.07"]
[Round "7"]
[White "Fish, Alexander"]
[Black "Aliferenko, Aleksei"]
[Result "0-1"]
[WhiteElo "2098"]
[BlackElo "2220"]
[PlyCount "56"]
[EventDate "2011.09.03"]
[EventType "swiss"]
[EventRounds "9"]
[EventCountry "UKR"]
[SourceTitle "CBM 144 Extra"]
[Source "ChessBase"]
[SourceDate "2011.10.28"]
[SourceVersion "1"]
[SourceVersionDate "2011.10.28"]
[SourceQuality "1"]

1. e4 e6 2. d3 c5 3. g3 d5 4. Nd2 Nf6 5. Bg2 Nc6 6. Ngf3 g6 7. 0-0 Bg7 8. exd5 Nxd5 9. Nb3 b6 10. c4 Nde7 11. d4 Ba6 12. dxc5 Bxc4 13. Re1 0-0 14. Nfd2 Bd5 15. Bxd5 Qxd5 16. Ne4 Rfd8 17. Qxd5 Nxd5 18. Re2 h6 19. a3 Rab8 20. Ra2 a5 21. cxb6 a4 22. Nbd2 Nd4 23. Re1 Rxb6 24. Kg2 Rc8 25. Nf3 Rc2 26. Nxd4 Bxd4 27. Bxh6 f5 28. Rd1 Bg7 0-1

[Event "Yuzhny op"]
[Site "Yuzhny"]
[Date "2011.09.04"]
[Round "3"]
[White "Stasenko, Julia"]
[Black "Aliferenko, Aleksei"]
[Result "1-0"]
[WhiteElo "1965"]
[BlackElo "2220"]
[PlyCount "139"]
[EventDate "2011.09.03"]
[EventType "swiss"]
[EventRounds "9"]
[EventCountry "UKR"]
[SourceTitle "CBM 144 Extra"]
[Source "ChessBase"]
[SourceDate "2011.10.28"]
[SourceVersion "1"]
[SourceVersionDate "2011.10.28"]
[SourceQuality "1"]

1. e4 e6 2. d4 d5 3. exd5 exd5 4. Bd3 Nc6 5. Nf3 Bg4 6. Be3 Bd6 7. Nc3 Nge7 8. h3 Bh5 9. a3 Qd7 10. Qe2 Bg6 11. 0-0-0 a6 12. Bg5 f6 13. Bxg6+ hxg6 14. Be3 0-0-0 15. Qd3 g5 16. Na4 g4 17. hxg4 Rxh1 18. Rxh1 Qxg4 19. Ne1 Re8 20. Nc3 Na5 21. Qd1 Qe6 22. Qf3 Nc4 23. Bf4 c6 24. Bxd6 Nxd6 25. g4 Ne4 26. Nd3 Nxc3 27. bxc3 Qe4 28. Qh3 Qg6 29. g5+ Nf5 30. gxf6 gxf6 31. Kb2 Kb8 32. Qh2+ Ka8 33. Nc5 Ka7 34. Qc7 Qg7 35. Nd7 Qe7 36. Qb6+ Ka8 37. Nc5 Nd6 38. Ka2 Nc4 39. Qb3 a5 40. Re1 Ne5 41. f4 Qc7 42. fxe5 b6 43. Nd3 Ka7 44. exf6 Rxe1 45. Nxe1 Qf4 46. Qb1 Qxf6 47. Qd1 Qf1 48. Qd2 Qc4+ 49. Ka1 Qa4 50. Qc1 Qc4 51. Nd3 Qxc3+ 52. Qb2 Qd2 53. Ne5 Kb7 54. c3 Qd1+ 55. Qb1 Qa4 56. Qh7+ Ka6 57. Qd3+ Kb7 58. Kb2 Kb8 59. Qa6 Qb5+ 60. Qxb5 cxb5 61. Kb3 Kb7 62. Nd7 Kc6 63. Nf6 Kd6 64. Ne8+ Kd7 65. Nf6+ Ke6 66. Ng4 Kf5 67. Ne5 Ke6 68. a4 bxa4+ 69. Kxa4 Kf5 70. Nd7 1-0

[Event "Geller Memorial op-B 7th"]
[Site "Odessa"]
[Date "2011.08.27"]
[Round "8"]
[White "Aliferenko, Aleksei"]
[Black "Zingaylo, Anastasiya"]
[Result "1-0"]
[WhiteElo "2220"]
[BlackElo "2078"]
[PlyCount "95"]
[EventDate "2011.08.20"]
[EventType "swiss"]
[EventRounds "9"]
[EventCountry "UKR"]
[SourceTitle "EXT 2014"]
[Source "ChessBase"]
[SourceDate "2013.11.20"]
[SourceVersion "1"]
[SourceVersionDate "2013.11.20"]
[SourceQuality "1"]

1. d4 e6 2. c4 Nf6 3. g3 d5 4. Nf3 Be7 5. Bg2 0-0 6. 0-0 dxc4 7. Qc2 c5 8. Qxc4 Nbd7 9. Rd1 Nb6 10. Qc2 cxd4 11. Nxd4 Nbd5 12. a3 Qc7 13. Qxc7 Nxc7 14. Nc3 Nd7 15. Bf4 e5 16. Nf5 Bf6 17. Be3 Nb8 18. Nd6 Nc6 19. Nce4 Be7 20. Nc5 Nd4 21. Bxd4 Bxd6 22. Be3 Bxc5 23. Bxc5 Re8 24. Rac1 Ne6 25. Bd6 Nd4 26. Kf1 Bg4 27. f3 Bd7 28. Kf2 Bb5 29. e3 Nc6 30. b3 a5 31. f4 e4 32. g4 Bd3 33. Bf1 Rad8 34. Bc7 Rd7 35. Bb6 f5 36. gxf5 Kf7 37. Bxd3 exd3 38. Kf3 d2 39. Rc2 Rd3 40. b4 axb4 41. axb4 Nxb4 42. Rcxd2 Rxd2 43. Rxd2 Kf6 44. e4 Rc8 45. Rd7 Rc3+ 46. Kg4 Nc6 47. Bd8+ Nxd8 48. e5# 1-0

[Event "Geller Memorial op-A 7th"]
[Site "Odessa"]
[Date "2011.08.22"]
[Round "3"]
[White "Kigel, Dmytro"]
[Black "Aliferenko, Aleksei"]
[Result "1/2-1/2"]
[WhiteElo "2210"]
[BlackElo "2220"]
[PlyCount "112"]
[EventDate "2011.08.20"]
[EventType "swiss"]
[EventRounds "9"]
[EventCountry "UKR"]
[SourceTitle "EXT 2014"]
[Source "ChessBase"]
[SourceDate "2013.11.20"]
[SourceVersion "1"]
[SourceVersionDate "2013.11.20"]
[SourceQuality "1"]

1. c4 Nf6 2. Nc3 g6 3. Nf3 Bg7 4. e4 d6 5. d4 0-0 6. Be2 e5 7. 0-0 Na6 8. Re1 Qe8 9. Bf1 Bg4 10. d5 Nb4 11. Be2 a5 12. Be3 Na6 13. Qc2 h5 14. h3 Bxf3 15. Bxf3 Nh7 16. Qd1 Qe7 17. Be2 Bf6 18. a3 Bg5 19. Bxg5 Nxg5 20. b4 axb4 21. axb4 Nxb4 22. Rxa8 Rxa8 23. Qb3 c5 24. dxc6 Nxc6 25. Nd5 Qd8 26. Qxb7 Nd4 27. Qb1 Rb8 28. Qc1 Nxe4 29. Bxh5 Qg5 30. Qxg5 Nxg5 31. Bd1 Rb1 32. Kf1 f5 33. Ba4 Rb2 34. Nc3 Nge6 35. Rb1 Rd2 36. Ke1 Rd3 37. Nb5 Nc5 38. Bd1 Ne4 39. Rc1 Nc6 40. f3 Nc5 41. Be2 Re3 42. Kf2 f4 43. Rd1 Ne6 44. Rxd6 Ncd4 45. Nxd4 Nxd4 46. Bf1 Kf7 47. Rb6 Rc3 48. Ra6 Rc2+ 49. Kg1 Nf5 50. Bd3 Rc1+ 51. Kf2 Ng3 52. Bxg6+ Ke7 53. Bd3 Rc3 54. Bg6 Rc1 55. Bd3 Rc3 56. Bg6 Rc1 1/2-1/2

[Event "Yuzhny op"]
[Site "Yuzhny"]
[Date "2010.09.10"]
[Round "6"]
[White "Aliferenko, Aleksei"]
[Black "Rakhmangulov, Andrei"]
[Result "1/2-1/2"]
[WhiteElo "2182"]
[BlackElo "2394"]
[PlyCount "45"]
[EventDate "2010.09.07"]
[EventType "swiss"]
[EventRounds "9"]
[EventCountry "UKR"]
[SourceTitle "CBM 138 Extra"]
[Source "ChessBase"]
[SourceDate "2010.10.29"]
[SourceVersion "1"]
[SourceVersionDate "2010.10.29"]
[SourceQuality "1"]

1. d4 Nf6 2. c4 c5 3. d5 b5 4. Nf3 g6 5. Qc2 Bg7 6. e4 d6 7. cxb5 0-0 8. Nc3 a6 9. a4 axb5 10. Bxb5 Ba6 11. 0-0 Ne8 12. Bf4 Nd7 13. Rab1 Bxb5 14. Nxb5 Nc7 15. Nxc7 Qxc7 16. Bd2 Qa7 17. a5 Rfc8 18. Rfc1 Qa6 19. Qa4 Nb6 20. Qc2 Nd7 21. Qa4 Nb6 22. Qc2 Nd7 23. Qa4 1/2-1/2

[Event "Yuzhny op"]
[Site "Yuzhny"]
[Date "2010.09.08"]
[Round "3"]
[White "Aliferenko, Aleksei"]
[Black "Myronenko, Natalya"]
[Result "1-0"]
[WhiteElo "2182"]
[BlackElo "1945"]
[PlyCount "133"]
[EventDate "2010.09.07"]
[EventType "swiss"]
[EventRounds "9"]
[EventCountry "UKR"]
[SourceTitle "CBM 138 Extra"]
[Source "ChessBase"]
[SourceDate "2010.10.29"]
[SourceVersion "1"]
[SourceVersionDate "2010.10.29"]
[SourceQuality "1"]

1. d4 d5 2. Nf3 Nf6 3. g3 e6 4. Bg2 Be7 5. c4 c6 6. 0-0 0-0 7. Qc2 Nbd7 8. Nbd2 b6 9. e4 Bb7 10. e5 Ne8 11. cxd5 exd5 12. Nb1 Nc7 13. Nc3 Ne6 14. Rd1 Qc7 15. Be3 Rfd8 16. Rac1 Rac8 17. Qd2 Qb8 18. Ne2 c5 19. Bh3 cxd4 20. Nexd4 Nxe5 21. Nxe5 Qxe5 22. Nxe6 fxe6 23. Bd4 Qd6 24. Qe2 Rxc1 25. Bxe6+ Kh8 26. Rxc1 Bf6 27. Bxf6 gxf6 28. Bf5 d4 29. Qh5 Qe7 30. Bd3 Rd7 31. Bxh7 Rd5 32. Bf5+ Kg8 33. Qg6+ Kf8 34. Be4 Rg5 35. Qh6+ Qg7 36. Qxg7+ Rxg7 37. Bxb7 Rxb7 38. Kf1 d3 39. Rc3 Rd7 40. Ke1 Re7+ 41. Kd2 Re2+ 42. Kxd3 Rxf2 43. Rc2 Rf1 44. Ke4 Ke7 45. h4 Kd6 46. g4 f5+ 47. gxf5 Rh1 48. Rd2+ Ke7 49. Ke5 Rxh4 50. f6+ Ke8 51. Rc2 Rh1 52. Rc8+ Kd7 53. f7 Re1+ 54. Kd4 Rd1+ 55. Ke3 Kxc8 56. f8Q+ Rd8 57. Qa3 Rd7 58. Ke4 a5 59. Qa4 Rc7 60. Kd5 Kb7 61. Kd6 Rg7 62. Qe4+ Ka6 63. Kc6 b5 64. a4 Rb7 65. axb5+ Ka7 66. Qd4+ Ka8 67. Qd8+ 1-0

[Event "Geller Memorial op-B1 6th"]
[Site "Odessa"]
[Date "2010.08.26"]
[Round "6"]
[White "Aliferenko, Aleksei"]
[Black "Fiodorov, Mikhail"]
[Result "1/2-1/2"]
[WhiteElo "2182"]
[BlackElo "2176"]
[PlyCount "83"]
[EventDate "2010.08.21"]
[EventType "swiss"]
[EventRounds "9"]
[EventCountry "UKR"]
[SourceTitle "EXT 2012"]
[Source "ChessBase"]
[SourceDate "2011.11.24"]
[SourceVersion "1"]
[SourceVersionDate "2011.11.24"]
[SourceQuality "1"]

1. d4 Nf6 2. Nf3 e6 3. g3 b5 4. Bg2 Bb7 5. Bg5 c5 6. c3 cxd4 7. cxd4 Qa5+ 8. Nbd2 Ne4 9. Bf4 Nxd2 10. Bxd2 Bb4 11. e3 Na6 12. a3 Bxd2+ 13. Qxd2 Qxd2+ 14. Kxd2 Ke7 15. h4 Rhc8 16. Ne1 Bxg2 17. Nxg2 Rc4 18. b3 Rc7 19. Rhc1 Rac8 20. Rxc7 Rxc7 21. Nf4 Nb8 22. g4 d6 23. d5 e5 24. Ne2 Nd7 25. Nc3 a6 26. f3 f6 27. h5 Nc5 28. Rb1 Nd7 29. e4 Rc8 30. Na2 a5 31. b4 a4 32. Nc3 Rb8 33. Rc1 Rb7 34. Nd1 Nb6 35. Ne3 Kd7 36. Rc6 g6 37. hxg6 hxg6 38. Kd3 Nc8 39. Rc1 Ne7 40. Nd1 f5 41. g5 Ke8 42. Ne3 1/2-1/2

[Event "Geller Memorial op-B1 6th"]
[Site "Odessa"]
[Date "2010.08.24"]
[Round "4"]
[White "Aliferenko, Aleksei"]
[Black "Rakhmangulova, Anastasiya"]
[Result "1-0"]
[WhiteElo "2182"]
[BlackElo "2153"]
[PlyCount "53"]
[EventDate "2010.08.21"]
[EventType "swiss"]
[EventRounds "9"]
[EventCountry "UKR"]
[SourceTitle "EXT 2012"]
[Source "ChessBase"]
[SourceDate "2011.11.24"]
[SourceVersion "1"]
[SourceVersionDate "2011.11.24"]
[SourceQuality "1"]

1. d4 Nf6 2. c4 c5 3. d5 b5 4. Nf3 d6 5. Qc2 bxc4 6. e4 Ba6 7. Na3 g6 8. Bxc4 Bxc4 9. Nxc4 Bg7 10. 0-0 0-0 11. Bd2 Nbd7 12. Bc3 Nb6 13. b3 Qd7 14. Rfe1 Rad8 15. Na5 e5 16. dxe6 fxe6 17. Rad1 Qc8 18. Bxf6 Rxf6 19. e5 Rxf3 20. gxf3 Bxe5 21. Qe4 Rf8 22. Nc6 Nd5 23. Qxd5 Kg7 24. Nxa7 Qa6 25. Qxe6 Qxa7 26. Rxe5 dxe5 27. Rd7+ 1-0

[Event "Geller Memorial op-A 6th"]
[Site "Odessa"]
[Date "2010.08.23"]
[Round "3"]
[White "Aliferenko, Aleksei"]
[Black "Shchuka, Fedor"]
[Result "1-0"]
[WhiteElo "2182"]
[BlackElo "1944"]
[PlyCount "43"]
[EventDate "2010.08.21"]
[EventType "swiss"]
[EventRounds "9"]
[EventCountry "UKR"]
[SourceTitle "CBM 138 Extra"]
[Source "ChessBase"]
[SourceDate "2010.10.29"]
[SourceVersion "1"]
[SourceVersionDate "2010.10.29"]
[SourceQuality "1"]

1. d4 d5 2. c4 c6 3. Nf3 Nf6 4. Nc3 dxc4 5. e4 b5 6. e5 Nd5 7. a4 b4 8. Ne4 a5 9. Bxc4 e6 10. 0-0 Be7 11. Bg5 0-0 12. Rc1 h6 13. Bxe7 Qxe7 14. Re1 Rd8 15. Nd6 Ba6 16. Bxa6 Rxa6 17. Nd2 Ra7 18. Rc5 Rxd6 19. exd6 Qxd6 20. Nc4 Qc7 21. Ne5 f6 22. Nxc6 1-0

[Event "Geller Memorial op-B1 6th"]
[Site "Odessa"]
[Date "2010.08.23"]
[Round "3"]
[White "Maltsev, Leonid"]
[Black "Aliferenko, Aleksei"]
[Result "0-1"]
[WhiteElo "1886"]
[BlackElo "2182"]
[PlyCount "84"]
[EventDate "2010.08.21"]
[EventType "swiss"]
[EventRounds "9"]
[EventCountry "UKR"]
[SourceTitle "EXT 2012"]
[Source "ChessBase"]
[SourceDate "2011.11.24"]
[SourceVersion "1"]
[SourceVersionDate "2011.11.24"]
[SourceQuality "1"]

1. e4 e6 2. d4 d5 3. Nc3 Nf6 4. Bd3 c5 5. Nf3 Nc6 6. Be3 cxd4 7. Nxd4 Bb4 8. Nxc6 bxc6 9. e5 d4 10. Bd2 dxc3 11. bxc3 Ba5 12. exf6 Qxf6 13. Be4 Bd7 14. Qf3 Qxf3 15. Bxf3 Rb8 16. 0-0 Ke7 17. Rab1 Rxb1 18. Rxb1 Bb6 19. Rd1 e5 20. Re1 f6 21. Be4 Be6 22. Bxc6 Bxa2 23. Ra1 Kd6 24. Rxa2 Kxc6 25. Ra1 Rd8 26. Be1 Rd5 27. Kf1 Ra5 28. Rxa5 Bxa5 29. Ke2 Kc5 30. Kd3 e4+ 31. Kxe4 Kc4 32. Bd2 Bxc3 33. Bc1 g6 34. f4 f5+ 35. Kf3 a5 36. g4 a4 37. gxf5 gxf5 38. Kg3 Bf6 39. Kf3 Kc3 40. Ke3 Bd4+ 41. Ke2 Kxc2 42. Ba3 Bb2 0-1